| 000 | 00766nam a2200253 i 4500 | ||
|---|---|---|---|
| 001 | 3228439 | ||
| 003 | SISC | ||
| 005 | 20160331150704.0 | ||
| 008 | 790625s1979 nyua 000 0 eng | ||
| 010 | _a 79063246 | ||
| 020 |
_a0878631895 : _c$9.95 |
||
| 040 |
_aDLC _cDLC _dDLC |
||
| 050 | 0 | 0 |
_aK 809 _b.M46 1981 |
| 082 | 0 | 0 |
_aHS 346 _bM52 1979 |
| 100 | 1 |
_aMenchin, Robert S. _915024 |
|
| 245 | 1 | 0 |
_aWhere there's a will : _ba collection of wills, hilarious, incredible, bizarre, witty, sad / _cRobert S. Menchin. |
| 260 |
_aRockville Centre, N.Y. : _bFarnsworth Pub. Co., _cc1979. |
||
| 300 |
_a169 p. : _bill. ; _c18 cm. |
||
| 526 | _c | ||
| 650 | 0 |
_aWills. _915025 |
|
| 906 |
_a7 _bcbc _corignew _d2 _eopcn _f19 _gy-gencatlg |
||
| 942 |
_2lcc _cBK |
||
| 999 |
_c9775 _d9775 |
||